Wan quan tu jie you qu de shen ti tan xian (Chinese)

Bibliographic Details
Main Author: Gaoqiaojianyi
Format: Book
Published: Taipei City : International Village Publishing , 2000
Subjects:

MARC

LEADER 00000cam a2200000 7i4500
001 0000073163
005 20170528.0
008 170528
020 |a 9577548490 
020 |a 9789577548498 
090 0 0 |a 612   |b GAO 
100 0 |a Gaoqiaojianyi 
245 1 0 |a Wan quan tu jie you qu de shen ti tan xian (Chinese)   |c Gaoqiaojianyi 
260 |a Taipei City :   |b International Village Publishing ,   |c 2000 
300 |a 189p. :   |b ill. ;   |c 21 cm. 
541 0 0 |c Donation books 
650 0 |a Body, human experiments 
999 |a 0001459217   |b Book   |c Chinese Collection   |e Cawangan AEON Kulaijaya